| 000 | 00531nam a2200229Ia 4500 | ||
|---|---|---|---|
| 003 | 0100 | ||
| 008 | 130307s9999 xx 000 0 und d | ||
| 020 | _a0534142265 | ||
| 040 | _cARRUPELIB | ||
| 050 | _aBD21.S616 1992 | ||
| 100 | _aSoccio, Douglas J | ||
| 245 | _aArchetypes of wisdom | ||
| 245 | _ban introduction to philosophy | ||
| 260 | _aBelmont | ||
| 260 | _bWadsworth publishing company | ||
| 260 | _c1992 | ||
| 300 | _a605p. | ||
| 300 | _b23cm | ||
| 650 | _aMETAPHYSICS | ||
| 650 | _bAristotle | ||
| 942 | 0 | 0 | _01 |
| 999 |
_c94383 _d94383 |
||